000 00529nam a2200181Ia 4500
005 20250326142058.0
008 250326s9999 xx 000 0 und d
037 _aTextbook
040 _aFMSL
_beng
_cFMSL
041 _aeng
_2eng
084 _aX9W M7
_qFMSL
100 _aBanushali S G
_9745536
245 0 _aEnterpreneurship development: an interdisciplinary approach
_cBanushali S G
260 _aNew Delhi
_bNew Delhi, Himalaya
_c1987
300 _axvi,255
942 _cTB
_hX9W M7
999 _c1293333
_d1293333